000 00440nam a2200169 a 4500
001 1776331654652
003 YourLibrary
005 20260416150023.0
008 260416s2007##################000#0#eng##
020 _a9780335218745
082 0 4 _a361.610941
_bBLA
100 1 _aBlakemore, Ken,
_eauthor.
245 1 0 _aSocial Policy :
260 _bOpen University Press,
_c2007.
942 _cENGLISH
040 _aYourLibrary
_beng
_cYourLibrary
999 _c619579
_d619579